[Event "Pribina - TPK Cup   Mistrovství ÈR junio"]
[Site "Havlíèkùv Brod - hotel Slunce"]
[Date "2012.12.01"]
[Round "9.8"]
[White "Janèaøík, Joel"]
[Black "Èáp, Adam"]
[Result "1-0"]
[WhiteElo "2242"]
[BlackElo "2028"]
[PlyCount "101"]
[EventDate "2012.11.25"]

1. e4 e5 2. Nc3 Nf6 3. g3 Bc5 4. Bg2 a6 5. Nge2 Nc6 6. d3 d6 7. O-O O-O 8. h3
Be6 9. Nd5 h6 10. c3 Bxd5 11. exd5 Ne7 12. d4 Bb6 13. dxe5 dxe5 14. c4 c6 15.
dxc6 Nxc6 16. b3 Qc7 17. Bb2 Rad8 18. Qc2 Nb4 19. Qf5 Rd2 20. Bxe5 Qc5 21. Qf4
Rxe2 22. Bd6 Qa5 23. Bxf8 Kxf8 24. a3 Nc6 25. Bxc6 bxc6 26. Qb8+ Re8 27. Qd6+
Kg8 28. Qxc6 Re6 29. Qf3 Ne4 30. b4 Qe5 31. Rae1 Bd4 32. Kg2 f5 33. Re2 Rg6 34.
Kh2 Qd6 35. Rd1 Qf6 36. Rxd4 Qxd4 37. Qxf5 Rf6 38. Rxe4 Qb2 39. Re8+ Kf7 40.
Qd7+ Kg6 41. Qd3+ Kf7 42. Re2 Rxf2+ 43. Rxf2+ Qxf2+ 44. Kh1 Kg8 45. c5 a5 46.
c6 axb4 47. c7 Qe1+ 48. Kg2 Qe6 49. Qc2 Qc8 50. axb4 Qxh3+ 51. Kxh3 1-0

[Event "Pribina - TPK Cup   Mistrovství ÈR junio"]
[Site "Havlíèkùv Brod - hotel Slunce"]
[Date "2012.12.01"]
[Round "9.9"]
[White "Šlampa, Jan"]
[Black "Rabatin, Jakub"]
[Result "1-0"]
[WhiteElo "2024"]
[BlackElo "2209"]
[PlyCount "77"]
[EventDate "2012.11.25"]

1. e4 c5 2. Nc3 Nc6 3. g3 e6 4. Bg2 d6 5. d3 Nf6 6. h3 Be7 7. f4 Qc7 8. Nf3 a6
9. O-O Bd7 10. e5 dxe5 11. Nxe5 Nxe5 12. fxe5 Qxe5 13. Bf4 Qd4+ 14. Kh2 e5 15.
Bd2 Rb8 16. Qe2 Be6 17. Rae1 Bd6 18. a3 Bc7 19. Be3 Qd6 20. Bg5 Nd7 21. Ne4 Qb6
22. Be3 f5 23. Nxc5 Nxc5 24. b4 Qb5 25. Bxc5 b6 26. Bd4 e4 27. Bxe4 O-O 28. Bc6
Qxc6 29. Qxe6+ Qxe6 30. Rxe6 f4 31. gxf4 Bxf4+ 32. Kg2 Rbc8 33. c4 Rcd8 34. Re4
g5 35. Rf3 Bc7 36. Bf6 Rd7 37. Re7 Rd6 38. Rg7+ Kh8 39. Rf7+ 1-0

[Event "Pribina - TPK Cup   Mistrovství ÈR junio"]
[Site "Havlíèkùv Brod - hotel Slunce"]
[Date "2012.12.01"]
[Round "9.10"]
[White "Krejèí, Martin"]
[Black "Macháò, Jan"]
[Result "0-1"]
[WhiteElo "1934"]
[BlackElo "2078"]
[PlyCount "48"]
[EventDate "2012.11.25"]

1. e4 c5 2. Nf3 d6 3. d4 cxd4 4. Nxd4 Nf6 5. Nc3 a6 6. Be3 Ng4 7. Bg5 h6 8. Bh4
g5 9. Bg3 Bg7 10. h3 Ne5 11. f4 gxf4 12. Bxf4 Nbc6 13. Be3 Nxd4 14. Bxd4 e6 15.
Qd2 b5 16. a3 Bb7 17. Be2 Qg5 18. Be3 Qh4+ 19. Bf2 Qe7 20. O-O-O Rd8 21. g4 Bf6
22. Be3 Bg5 23. h4 Bxh4 24. Bxh6 Rxh6 0-1

[Event "Pribina - TPK Cup   Mistrovství ÈR junio"]
[Site "Havlíèkùv Brod - hotel Slunce"]
[Date "2012.12.01"]
[Round "9.11"]
[White "Ptáèek, Tomáš"]
[Black "Dobeš, Vojtìch"]
[Result "1-0"]
[WhiteElo "2007"]
[BlackElo "2055"]
[PlyCount "39"]
[EventDate "2012.11.25"]

1. d4 Nf6 2. Nf3 e6 3. Bg5 c5 4. e3 Nc6 5. Nbd2 b6 6. Ne4 d5 7. Nxf6+ gxf6 8.
Bh4 Bb7 9. Bb5 a6 10. Bxc6+ Bxc6 11. Ne5 Rc8 12. Qh5 Rc7 13. Ng4 Bg7 14. O-O
Bb5 15. Rfe1 O-O 16. e4 dxe4 17. Rxe4 Qd5 18. Nxf6+ Bxf6 19. Rg4+ Bg7 20. Bf6
1-0

[Event "Pribina - TPK Cup   Mistrovství ÈR junio"]
[Site "Havlíèkùv Brod - hotel Slunce"]
[Date "2012.12.01"]
[Round "9.12"]
[White "Kozel, Jiøí"]
[Black "Zezula, Rudolf"]
[Result "1/2-1/2"]
[WhiteElo "2051"]
[BlackElo "1995"]
[PlyCount "34"]
[EventDate "2012.11.25"]

1. e4 c5 2. Nf3 Nc6 3. d4 cxd4 4. Nxd4 e5 5. Nb5 a6 6. Nd6+ Bxd6 7. Qxd6 Qf6 8.
Qd1 Qg6 9. Nc3 Nge7 10. Be3 d5 11. Nxd5 Nxd5 12. Qxd5 Be6 13. Qd2 Qxe4 14. f3
Qb4 15. c3 Qe7 16. Qf2 Rd8 17. Be2 f5 1/2-1/2

[Event "Pribina - TPK Cup   Mistrovství ÈR junio"]
[Site "Havlíèkùv Brod - hotel Slunce"]
[Date "2012.12.01"]
[Round "9.13"]
[White "Hošek, Martin"]
[Black "Pýcha, Patrik"]
[Result "1-0"]
[WhiteElo "2027"]
[BlackElo "1946"]
[PlyCount "57"]
[EventDate "2012.11.25"]

1. d4 d5 2. c4 e6 3. Nc3 Nf6 4. Bg5 Be7 5. Nf3 O-O 6. Qc2 h6 7. Bh4 b6 8. e3
Bb7 9. Bd3 Nbd7 10. cxd5 exd5 11. Bf5 Re8 12. Bxf6 Nxf6 13. g4 Ne4 14. g5 g6
15. Bxg6 fxg6 16. Ne5 Bb4 17. f3 Rxe5 18. dxe5 d4 19. O-O-O Nxc3 20. bxc3 Ba3+
21. Kb1 Kg7 22. Rxd4 Qe8 23. gxh6+ Kxh6 24. e4 Qb5+ 25. Ka1 Qxe5 26. Qd2+ Kh5
27. Rd7 Be7 28. Rg1 Rg8 29. Rg5+ 1-0

[Event "Pribina - TPK Cup   Mistrovství ÈR junio"]
[Site "Havlíèkùv Brod - hotel Slunce"]
[Date "2012.12.01"]
[Round "9.14"]
[White "Richterová, Nataša"]
[Black "Pospíšil, Martin"]
[Result "1/2-1/2"]
[WhiteElo "1945"]
[BlackElo "2007"]
[PlyCount "100"]
[EventDate "2012.11.25"]

1. e4 c5 2. Nf3 d6 3. Bb5+ Bd7 4. Bxd7+ Nxd7 5. c4 Ngf6 6. Nc3 g6 7. d4 cxd4 8.
Nxd4 Bg7 9. O-O O-O 10. f3 Ne5 11. b3 Nc6 12. Nde2 a6 13. Be3 Qc7 14. Rc1 Rad8
15. Nd5 Qb8 16. Bb6 Rd7 17. Nec3 e6 18. Nxf6+ Bxf6 19. f4 Qc8 20. Kh1 Ne7 21.
Bd4 Bxd4 22. Qxd4 Qc5 23. Rcd1 Rfd8 24. Rd2 Nc6 25. Qf2 Ne7 26. Qd4 Nc6 27. Qg1
Ne7 28. Rfd1 Qa5 29. Na4 Nc8 30. Nc5 Rc7 31. Nd3 b5 32. cxb5 Qxb5 33. Nb2 Rcd7
34. Qd4 d5 35. Qa4 Qxa4 36. Nxa4 Kf8 37. Nc5 Rc7 38. Nxa6 Ra7 39. Nb4 Ne7 40.
exd5 exd5 41. Rd3 Rb8 42. Nxd5 Nxd5 43. Rxd5 Rxa2 44. R5d3 Rb2 45. Rh3 Kg7 46.
f5 R8xb3 47. f6+ Kxf6 48. Rxh7 Rb1 49. Rg1 Rxg1+ 50. Kxg1 Rb2 1/2-1/2

[Event "Pribina - TPK Cup   Mistrovství ÈR junio"]
[Site "Havlíèkùv Brod - hotel Slunce"]
[Date "2012.12.01"]
[Round "9.15"]
[White "Maøíková, Jana"]
[Black "Kratochvíl, Vít"]
[Result "1-0"]
[WhiteElo "2002"]
[BlackElo "1944"]
[PlyCount "81"]
[EventDate "2012.11.25"]

1. d4 Nf6 2. c4 g6 3. Nc3 Bg7 4. e4 O-O 5. e5 Ne8 6. Nf3 d6 7. exd6 cxd6 8. Be2
Na6 9. O-O Nac7 10. Be3 Bd7 11. Qd2 Nf6 12. Rac1 a6 13. b4 d5 14. c5 Ne4 15.
Nxe4 dxe4 16. Ne5 Be6 17. Nc4 Nd5 18. Rfd1 f5 19. Nb6 Ra7 20. a4 Kh8 21. Bc4
Bg8 22. Nxd5 Bxd5 23. b5 axb5 24. axb5 Bxc4 25. Rxc4 Qa8 26. d5 Ra2 27. Rc2
Rxc2 28. Qxc2 f4 29. Bc1 f3 30. Qxe4 fxg2 31. Be3 Qa5 32. Qxe7 Qxb5 33. Bd4 Rg8
34. Bxg7+ Rxg7 35. Qf8+ Rg8 36. Qf6+ Rg7 37. c6 bxc6 38. dxc6 h5 39. c7 Qc4 40.
Qd8+ Rg8 41. Qd4+ 1-0

[Event "Pribina - TPK Cup   Mistrovství ÈR junio"]
[Site "Havlíèkùv Brod - hotel Slunce"]
[Date "2012.12.01"]
[Round "9.16"]
[White "Malèánek, Jan"]
[Black "Hánl, František"]
[Result "1-0"]
[WhiteElo "1991"]
[BlackElo "1917"]
[PlyCount "127"]
[EventDate "2012.11.25"]

1. e4 e6 2. d4 d5 3. Nd2 Nf6 4. e5 Nfd7 5. f4 c5 6. c3 Nc6 7. Ne2 Qb6 8. Nf3
cxd4 9. cxd4 Bb4+ 10. Nc3 O-O 11. Be3 f6 12. Qd2 fxe5 13. fxe5 Qa5 14. Rc1 Nb6
15. a3 Bxc3 16. Qxc3 Qxc3+ 17. Rxc3 Na5 18. b3 Bd7 19. Kd2 Rac8 20. Bd3 Rxc3
21. Kxc3 a6 22. a4 Rc8+ 23. Kb4 Nc6+ 24. Ka3 h6 25. Rc1 Kf7 26. Rc5 Ke7 27. g4
Be8 28. Rc1 Na7 29. Rxc8 Nbxc8 30. Bd2 Kd7 31. Bb4 Ne7 32. Bxe7 Kxe7 33. Kb4
Kd7 34. h4 Nc6+ 35. Kc3 Ke7 36. b4 a5 37. bxa5 Nxa5 38. Kb4 b6 39. Nd2 Nc6+ 40.
Kc3 Na5 41. Bc2 b5 42. axb5 Bxb5 43. Kb4 Nc4 44. Nf1 Na3 45. Ne3 Nxc2+ 46. Nxc2
Be2 47. Ne3 Bf3 48. g5 hxg5 49. hxg5 Be4 50. Kc5 Bf3 51. Kc6 Be4 52. Kc7 Bd3
53. Ng2 Be4 54. Nf4 Bf3 55. Ng6+ Kf7 56. Nh4 Bg4 57. Kd7 g6 58. Ng2 Be2 59. Ne3
Bf3 60. Nc2 Bd1 61. Nb4 Bg4 62. Nc6 Bh3 63. Nd8+ Kf8 64. Kd6 1-0

[Event "Pribina - TPK Cup   Mistrovství ÈR junio"]
[Site "Havlíèkùv Brod - hotel Slunce"]
[Date "2012.12.01"]
[Round "9.17"]
[White "Zpìváková, Jana"]
[Black "Krátký, Josef"]
[Result "1-0"]
[WhiteElo "1921"]
[BlackElo "1977"]
[PlyCount "95"]
[EventDate "2012.11.25"]

1. d4 e6 2. c4 c5 3. d5 Nf6 4. Nc3 exd5 5. cxd5 d6 6. e4 g6 7. Bd3 Bg7 8. Nf3
Bg4 9. h3 Bxf3 10. Qxf3 O-O 11. O-O a6 12. a4 Nbd7 13. Qe2 Re8 14. f4 Qc7 15.
Qf3 c4 16. Bc2 Rab8 17. Be3 Nc5 18. a5 Nfd7 19. Rfe1 b5 20. axb6 Rxb6 21. Ra2
Reb8 22. Bc1 R6b7 23. Qe2 Nb3 24. Rxa6 Nd4 25. Qd1 Nc5 26. Ra2 Ndb3 27. Be3 Na5
28. Bc1 Nab3 29. Be3 Na5 30. e5 Nab3 31. Bf2 Bh6 32. g3 Qd7 33. Kh2 Bg7 34. Ne4
Nxe4 35. Rxe4 dxe5 36. fxe5 Rb5 37. e6 fxe6 38. dxe6 Qe7 39. Qd7 R5b7 40. Qxe7
Rxe7 41. Ra7 Rbe8 42. Rxe7 Rxe7 43. Rxc4 Nd2 44. Rc8+ Bf8 45. Bc5 Rxe6 46.
Rxf8+ Kg7 47. Rf2 Ne4 48. Bxe4 1-0

[Event "Pribina - TPK Cup   Mistrovství ÈR junio"]
[Site "Havlíèkùv Brod - hotel Slunce"]
[Date "2012.12.01"]
[Round "9.18"]
[White "Kopøiva, Martin"]
[Black "Marek, Matyáš"]
[Result "0-1"]
[WhiteElo "1776"]
[BlackElo "1973"]
[PlyCount "90"]
[EventDate "2012.11.25"]

1. e4 c5 2. Nf3 Nc6 3. d4 cxd4 4. Nxd4 e5 5. Nb5 d6 6. c4 Be7 7. N1c3 a6 8. Na3
f5 9. exf5 Bxf5 10. Bd3 Be6 11. Nc2 Nf6 12. O-O O-O 13. a3 Rc8 14. Ne3 Nd4 15.
Bd2 Qe8 16. Rc1 b5 17. Ne2 Qf7 18. cxb5 Bb3 19. Qe1 Nxb5 20. Nc3 Nc7 21. Ne4
Nxe4 22. Bxe4 d5 23. Bf5 Ne6 24. Bd3 Rxc1 25. Qxc1 Nc5 26. Bc2 d4 27. Ng4 Qe6
28. h3 e4 29. Bb4 Bd5 30. Bxc5 Bxc5 31. Bb3 Bb6 32. Bxd5 Qxd5 33. Qd2 h5 34.
Ne3 Qb5 35. Nc2 e3 36. Qc1 e2 37. Re1 d3 38. Ne3 Bxe3 39. Qxe3 Qd5 40. Qd2 Qd4
41. Rxe2 dxe2 42. Qxe2 Rd8 43. Kh2 h4 44. Qe6+ Kh8 45. Qf5 Qf6 0-1

[Event "Pribina - TPK Cup   Mistrovství ÈR junio"]
[Site "Havlíèkùv Brod - hotel Slunce"]
[Date "2012.12.01"]
[Round "9.19"]
[White "Walek, Petr"]
[Black "Sabolová, Kristýna"]
[Result "1-0"]
[WhiteElo "1969"]
[BlackElo "1883"]
[PlyCount "103"]
[EventDate "2012.11.25"]

1. e4 c6 2. d4 d5 3. exd5 cxd5 4. Bd3 Nf6 5. Bf4 Nc6 6. c3 g6 7. Nf3 Bg7 8. h3
O-O 9. O-O Nh5 10. Bh2 Bh6 11. Nbd2 Nf4 12. Bc2 Qd7 13. Bxf4 Bxf4 14. Re1 Re8
15. Ne5 Qc7 16. Ndf3 Nxe5 17. dxe5 Rd8 18. Qd4 Bh6 19. Qh4 Bg7 20. e6 Bf6 21.
exf7+ Kg7 22. Qb4 Kxf7 23. Bb3 e5 24. Rad1 Be6 25. Qb5 a6 26. Qe2 e4 27. Nd4
Bxd4 28. Rxd4 Qc6 29. Qd2 Rd7 30. Rexe4 Rad8 31. Re5 b5 32. Qe3 Rd6 33. Rf4+
Kg7 34. Qd4 Kg8 35. Rf6 Bf7 36. Rf3 R8d7 37. Rfe3 Be6 38. Rd3 Bf7 39. Rde3 Be6
40. h4 Rd8 41. h5 Qd7 42. h6 Kf7 43. Rf3+ Ke8 44. a4 Qc6 45. Rf6 Kd7 46. Rfxe6
Rxe6 47. Bxd5 Rxe5 48. Bxc6+ Kxc6 49. Qxd8 Rh5 50. axb5+ axb5 51. Qf6+ Kc5 52.
Qg7 1-0

[Event "Pribina - TPK Cup   Mistrovství ÈR junio"]
[Site "Havlíèkùv Brod - hotel Slunce"]
[Date "2012.12.01"]
[Round "9.20"]
[White "Franìk, Jan"]
[Black "Steinhauserová, Anna"]
[Result "1-0"]
[WhiteElo "1976"]
[BlackElo "1821"]
[PlyCount "51"]
[EventDate "2012.11.25"]

1. e4 e5 2. Nf3 Nc6 3. Bb5 f5 4. d4 fxe4 5. Nxe5 Nf6 6. c3 Bd6 7. Bf4 Qe7 8.
Bxc6 dxc6 9. Nd2 O-O 10. O-O Nd5 11. Bg3 e3 12. fxe3 Nxe3 13. Rxf8+ Qxf8 14.
Qb3+ Nd5 15. c4 Bxe5 16. Bxe5 Nf6 17. Bxc7 Qe7 18. Be5 Be6 19. Rf1 Ng4 20. Qg3
Qb4 21. Ne4 Nxe5 22. Qxe5 Bxc4 23. Nd6 Rd8 24. Nf5 Rd7 25. Qe8+ Qf8 26. Nh6+
1-0

[Event "Pribina - TPK Cup   Mistrovství ÈR junio"]
[Site "Havlíèkùv Brod - hotel Slunce"]
[Date "2012.12.01"]
[Round "9.21"]
[White "Hrdina, Robin"]
[Black "Rojíková, Lenka"]
[Result "1/2-1/2"]
[WhiteElo "2007"]
[BlackElo "1866"]
[PlyCount "48"]
[EventDate "2012.11.25"]

1. e4 c5 2. Nf3 d6 3. Bb5+ Bd7 4. Bxd7+ Qxd7 5. O-O Nc6 6. c3 Nf6 7. Re1 e6 8.
d3 Be7 9. Nbd2 Qc7 10. Nf1 O-O 11. Ng3 b5 12. h3 Rfc8 13. Nh2 d5 14. Qe2 Bd6
15. Ngf1 Rab8 16. Nf3 dxe4 17. dxe4 Ne5 18. Nxe5 Bxe5 19. Bg5 c4 20. Bxf6 Bxf6
21. a3 a5 22. Ne3 b4 23. axb4 axb4 24. Ra4 bxc3 1/2-1/2

[Event "Pribina - TPK Cup   Mistrovství ÈR junio"]
[Site "Havlíèkùv Brod - hotel Slunce"]
[Date "2012.12.01"]
[Round "9.22"]
[White "Alfimov, Igor"]
[Black "Šroubová, Lenka"]
[Result "1/2-1/2"]
[WhiteElo "1961"]
[BlackElo "1790"]
[PlyCount "41"]
[EventDate "2012.11.25"]

1. d4 d5 2. c4 Nc6 3. Nc3 dxc4 4. d5 Ne5 5. f4 Ng4 6. e4 e5 7. Qa4+ Bd7 8. Qxc4
a6 9. Nf3 b5 10. Qb3 exf4 11. h3 Ne3 12. Bxe3 fxe3 13. Be2 f6 14. O-O Bd6 15.
Nd4 Ne7 16. Bg4 O-O 17. Bxd7 Qxd7 18. Ne6 Rfe8 19. Ne2 Kh8 20. Rac1 c6 21. N2d4
1/2-1/2

[Event "Pribina - TPK Cup   Mistrovství ÈR junio"]
[Site "Havlíèkùv Brod - hotel Slunce"]
[Date "2012.12.01"]
[Round "9.23"]
[White "Svoboda, Matìj"]
[Black "Zemková, Klára"]
[Result "1-0"]
[WhiteElo "1955"]
[BlackElo "1702"]
[PlyCount "45"]
[EventDate "2012.11.25"]

1. e4 e6 2. d4 d5 3. Nd2 Nf6 4. e5 Nfd7 5. Bd3 c5 6. c3 Nc6 7. Ne2 a6 8. f4 Be7
9. Nf3 b5 10. Be3 Qb6 11. O-O O-O 12. Qd2 a5 13. f5 exf5 14. Nf4 cxd4 15. cxd4
Nb4 16. Bxf5 Nb8 17. Bxc8 Rxc8 18. a3 N4c6 19. Nxd5 Qd8 20. Nxe7+ Nxe7 21. Ng5
Nd5 22. Qd3 f5 23. Qxf5 1-0

[Event "Pribina - TPK Cup   Mistrovství ÈR junio"]
[Site "Havlíèkùv Brod - hotel Slunce"]
[Date "2012.12.01"]
[Round "9.24"]
[White "Szücs, Matyáš"]
[Black "Fusková, Martina"]
[Result "1/2-1/2"]
[WhiteElo "1934"]
[BlackElo "1716"]
[PlyCount "55"]
[EventDate "2012.11.25"]

1. d4 Nf6 2. Nf3 e6 3. Nbd2 d5 4. e3 c5 5. c3 Nbd7 6. Bd3 b6 7. O-O Bb7 8. Re1
Be7 9. e4 dxe4 10. Nxe4 O-O 11. Ng3 Rc8 12. Qe2 Qc7 13. Bg5 h6 14. Bxf6 Nxf6
15. Ne5 Bd6 16. Rac1 Rfd8 17. Bb1 cxd4 18. Ng4 Nxg4 19. Qxg4 Bxg3 20. hxg3 d3
21. Rcd1 Qc6 22. Qh3 Ba6 23. Rd2 Rd7 24. Re3 Rcd8 25. g4 Qc4 26. Qg3 Rd5 27.
Kf1 R8d6 28. Kg1 1/2-1/2

[Event "Pribina - TPK Cup   Mistrovství ÈR junio"]
[Site "Havlíèkùv Brod - hotel Slunce"]
[Date "2012.12.01"]
[Round "9.25"]
[White "Macková, Veronika"]
[Black "Rùžièka, Václav"]
[Result "0-1"]
[WhiteElo "1724"]
[BlackElo "2072"]
[PlyCount "58"]
[EventDate "2012.11.25"]

1. d4 d5 2. c4 e6 3. Nc3 Nf6 4. cxd5 exd5 5. Bg5 Nbd7 6. Qc2 c6 7. e3 Be7 8.
Bd3 O-O 9. Nge2 Re8 10. f3 Nf8 11. O-O Be6 12. Rad1 Rc8 13. Nf4 c5 14. Bxf6
Bxf6 15. dxc5 Rxc5 16. Be4 Qc8 17. Bxd5 Bxc3 18. bxc3 Rxc3 19. Qb1 Rxe3 20.
Nxe6 Nxe6 21. Bxb7 Qc5 22. Kh1 Nf4 23. Rde1 Nxg2 24. Kxg2 Re2+ 25. Rxe2 Rxe2+
26. Kh1 Qh5 27. Rf2 Rxf2 28. Qg1 Rxa2 29. Bd5 Qxd5 0-1

[Event "Pribina - TPK Cup   Mistrovství ÈR junio"]
[Site "Havlíèkùv Brod - hotel Slunce"]
[Date "2012.12.01"]
[Round "9.26"]
[White "Chromík, Tomáš"]
[Black "Skoøepa, Jakub"]
[Result "1/2-1/2"]
[WhiteElo "1889"]
[BlackElo "1702"]
[PlyCount "66"]
[EventDate "2012.11.25"]

1. d4 d5 2. c4 c6 3. Nc3 Nf6 4. Nf3 e6 5. Bg5 Be7 6. e3 O-O 7. Qc2 Nbd7 8. Bd3
h6 9. Bh4 dxc4 10. Bxc4 b5 11. Bd3 a6 12. O-O c5 13. Ne4 c4 14. Be2 Bb7 15.
Nfd2 Nd5 16. Bg3 Nb4 17. Qb1 Nf6 18. Nxf6+ Bxf6 19. a3 Nc6 20. Bf3 Qb6 21. Ne4
Be7 22. Nd6 Na5 23. Nxb7 Nxb7 24. Qe4 Na5 25. Qg4 Rac8 26. Be5 f6 27. Bf4 Kh7
28. d5 g5 29. Bg3 f5 30. Qh5 exd5 31. Bxd5 Qg6 32. Qxg6+ Kxg6 33. f3 Bf6
1/2-1/2

[Event "Pribina - TPK Cup   Mistrovství ÈR junio"]
[Site "Havlíèkùv Brod - hotel Slunce"]
[Date "2012.12.01"]
[Round "9.27"]
[White "Johnová, Eliška"]
[Black "Nosek, Jan"]
[Result "1/2-1/2"]
[WhiteElo "1848"]
[BlackElo "1706"]
[PlyCount "87"]
[EventDate "2012.11.25"]

1. e4 e6 2. d4 d5 3. exd5 exd5 4. c4 Nf6 5. Nc3 Be7 6. Nf3 O-O 7. Bd3 dxc4 8.
Bxc4 c5 9. d5 Re8 10. O-O Bd6 11. Nb5 Bf5 12. Bg5 a6 13. Nxd6 Qxd6 14. Nh4 Bg6
15. Nxg6 hxg6 16. a4 Nbd7 17. a5 Re4 18. Qc2 Rg4 19. f4 Rxg5 20. fxg5 Ng4 21.
g3 Ne3 22. Qb3 Nxf1 23. Rxf1 b5 24. axb6 Qxb6 25. Qxb6 Nxb6 26. Be2 Rd8 27. Rd1
Rxd5 28. Rxd5 Nxd5 29. Bxa6 Kf8 30. Kf2 Ke7 31. Kf3 f5 32. g4 Kd6 33. h4 fxg4+
34. Kxg4 Ke5 35. Kf3 Kd4 36. b3 Ke5 37. Bd3 Ne7 38. Kg4 Ke6 39. Bb5 Ke5 40. Be8
Ke4 41. Bf7 Ke5 42. Kf3 Nf5 43. Kg4 Ne7 44. Bc4 1/2-1/2

[Event "Pribina - TPK Cup   Mistrovství ÈR junio"]
[Site "Havlíèkùv Brod - hotel Slunce"]
[Date "2012.12.01"]
[Round "9.28"]
[White "Danìk, Daniel"]
[Black "Kaòáková, Natálie"]
[Result "1/2-1/2"]
[WhiteElo "1802"]
[BlackElo "1654"]
[PlyCount "61"]
[EventDate "2012.11.25"]

1. d4 Nf6 2. Nf3 e6 3. e3 b6 4. Bd3 Bb7 5. O-O Be7 6. c4 Ne4 7. Nc3 f5 8. Ne5
O-O 9. Bxe4 fxe4 10. Qg4 Qe8 11. f3 exf3 12. Nxf3 Bf6 13. e4 e5 14. d5 d6 15.
Ng5 Bc8 16. Qg3 Na6 17. Nf3 Bd7 18. Bg5 Bxg5 19. Qxg5 Qd8 20. Qh5 Qe7 21. Rf2
Nc5 22. Rd1 Be8 23. Qh3 Bg6 24. Rdf1 Bxe4 25. Ng5 Qxg5 26. Nxe4 Qe7 27. Rxf8+
Rxf8 28. Rxf8+ Qxf8 29. Nxc5 bxc5 30. Qe6+ Kh8 31. Qd7 1/2-1/2

[Event "Pribina - TPK Cup   Mistrovství ÈR junio"]
[Site "Havlíèkùv Brod - hotel Slunce"]
[Date "2012.12.01"]
[Round "9.29"]
[White "Kovaøík, Matyáš"]
[Black "Suchomelová, Simona"]
[Result "1/2-1/2"]
[WhiteElo "1539"]
[BlackElo "1757"]
[PlyCount "89"]
[EventDate "2012.11.25"]

1. e4 c5 2. Nf3 d6 3. d4 cxd4 4. Nxd4 Nf6 5. Nc3 a6 6. Bg5 e6 7. f3 Be7 8. Qd2
O-O 9. O-O-O b5 10. h4 Bb7 11. Bd3 Nbd7 12. Kb1 Nc5 13. g4 Rc8 14. Qg2 b4 15.
Nce2 Nxd3 16. cxd3 d5 17. e5 Nd7 18. f4 Nc5 19. Bxe7 Qxe7 20. g5 a5 21. h5 Ba6
22. Rh3 Qd7 23. g6 Qa4 24. gxh7+ Kxh7 25. Rg1 Rg8 26. Rg3 Bxd3+ 27. Ka1 g6 28.
Qh2 Kg7 29. Qh4 Kf8 30. hxg6 Bxg6 31. Qf6 Ne4 32. Nxe6+ Ke8 33. Ng7+ Rxg7 34.
Qxg7 Nxg3 35. Nxg3 b3 36. a3 Qxf4 37. Qg8+ Kd7 38. e6+ fxe6 39. Qxg6 Rc1+ 40.
Rxc1 Qxc1+ 41. Qb1 Qe3 42. Nf1 Qf4 43. Qe1 a4 44. Nd2 e5 45. Nb1 1/2-1/2

[Event "Pribina - TPK Cup   Mistrovství ÈR junio"]
[Site "Havlíèkùv Brod - hotel Slunce"]
[Date "2012.12.01"]
[Round "9.30"]
[White "Schaffer, Ondøej"]
[Black "Kuchaø, Tomáš"]
[Result "1-0"]
[WhiteElo "1748"]
[BlackElo "1697"]
[PlyCount "111"]
[EventDate "2012.11.25"]

1. d4 Nf6 2. c4 g6 3. Nf3 Bg7 4. Bg5 Ne4 5. Bf4 c5 6. e3 Nc6 7. Nc3 Nxc3 8.
bxc3 d5 9. cxd5 Qxd5 10. Qb3 Qxb3 11. axb3 O-O 12. Be2 Bf5 13. O-O cxd4 14.
exd4 a6 15. d5 e5 16. dxc6 exf4 17. cxb7 Ra7 18. Bxa6 Bxc3 19. Ra4 Bd7 20. Rc4
Rxa6 21. Rxc3 Bc6 22. Rc4 Rb6 23. Ne5 Bb5 24. Rb4 Rxb7 25. Rc1 Rfb8 26. h3 f6
27. Ng4 Kg7 28. Rxf4 f5 29. Ne5 Be8 30. Kh2 Rxb3 31. Rc7+ Kf6 32. Nf3 R3b7 33.
Rcc4 Bd7 34. Nd2 Kg7 35. Nf3 Kf6 36. Rfd4 Re8 37. Rd6+ Re6 38. Rcd4 Rxd6 39.
Rxd6+ Be6 40. Nd4 Re7 41. f4 Re8 42. Kg3 Kf7 43. Nf3 Bc8 44. Rc6 Bd7 45. Rc7
Re7 46. Ne5+ Ke6 47. Kh4 Be8 48. Rxe7+ Kxe7 49. Kg5 Kf8 50. Kh6 Kg8 51. h4 Ba4
52. g3 Bb5 53. Nf3 Bc4 54. Ng5 Bf7 55. Nxf7 Kxf7 56. Kxh7 1-0

[Event "Pribina - TPK Cup   Mistrovství ÈR junio"]
[Site "Havlíèkùv Brod - hotel Slunce"]
[Date "2012.12.01"]
[Round "9.31"]
[White "Liduch, Filip"]
[Black "Navrátil, Marek"]
[Result "0-1"]
[WhiteElo "1697"]
[BlackElo "1861"]
[PlyCount "62"]
[EventDate "2012.11.25"]

1. e4 c5 2. Nf3 g6 3. d4 cxd4 4. Nxd4 Bg7 5. Be3 Nc6 6. Nc3 Nf6 7. Nxc6 bxc6 8.
e5 Nd5 9. Nxd5 cxd5 10. f4 O-O 11. Be2 e6 12. O-O d6 13. Bd4 dxe5 14. fxe5 Qc7
15. Re1 Bxe5 16. Bxe5 Qxe5 17. Bf3 Qxb2 18. c4 Qb6+ 19. Kh1 Bb7 20. cxd5 Rad8
21. Rb1 Qc7 22. Rc1 Qa5 23. Qb3 Bxd5 24. Bxd5 Rxd5 25. Red1 Rfd8 26. Rxd5 Qxd5
27. Qc2 Qg5 28. h3 Rd2 29. Qc8+ Kg7 30. Qc3+ e5 31. Rg1 Rxa2 0-1

[Event "Pribina - TPK Cup   Mistrovství ÈR junio"]
[Site "Havlíèkùv Brod - hotel Slunce"]
[Date "2012.12.01"]
[Round "9.32"]
[White "Jurèa, Marek"]
[Black "Babièka, Michal"]
[Result "1/2-1/2"]
[WhiteElo "1893"]
[BlackElo "1700"]
[PlyCount "47"]
[EventDate "2012.11.25"]

1. d4 d5 2. c4 dxc4 3. Nf3 Nf6 4. e3 e6 5. Bxc4 a6 6. a4 c5 7. O-O Nc6 8. Qe2
cxd4 9. Rd1 Be7 10. exd4 O-O 11. Nc3 Na5 12. Ba2 Qb6 13. Bg5 h6 14. Bh4 Rd8 15.
Rd3 Nc6 16. d5 Nb4 17. Rd2 Nxa2 18. Rxa2 Qc5 19. Bxf6 Bxf6 20. Ne4 Qc1+ 21. Rd1
Qf4 22. d6 Bd7 23. Nxf6+ Qxf6 24. Ne5 1/2-1/2

[Event "Pribina - TPK Cup   Mistrovství ÈR junio"]
[Site "Havlíèkùv Brod - hotel Slunce"]
[Date "2012.12.01"]
[Round "9.33"]
[White "Bobek, Daniel"]
[Black "Škuthan, Jiøí"]
[Result "1/2-1/2"]
[WhiteElo "1629"]
[BlackElo "1782"]
[PlyCount "102"]
[EventDate "2012.11.25"]

1. e4 c5 2. Nf3 Nc6 3. d4 cxd4 4. Nxd4 Nf6 5. Nc3 e6 6. Bg5 Bb4 7. Ndb5 Qa5 8.
Bxf6 gxf6 9. a3 Bxc3+ 10. Nxc3 f5 11. exf5 Qxf5 12. Qd3 Qxd3 13. Bxd3 d5 14.
O-O Bd7 15. Rfe1 O-O-O 16. b4 h6 17. Na2 Rhe8 18. c4 d4 19. b5 Na5 20. f4 f6
21. Rab1 b6 22. Nb4 Nb7 23. Na6 e5 24. fxe5 fxe5 25. Rb2 Re7 26. Rbe2 Rde8 27.
Bg6 Rg8 28. Bd3 Rg5 29. Rf2 Nd6 30. Rf6 Re6 31. Rf8+ Re8 32. Rf6 Re6 33. Rf8+
Be8 34. c5 bxc5 35. Nxc5 Re7 36. Rc1 Rc7 37. h4 Rgg7 38. Bf5+ Kb8 39. Na6+ Kb7
40. Nxc7 Rxc7 41. Rxc7+ Kxc7 42. a4 Kb6 43. Rf6 Kc5 44. Kf2 e4 45. Ke2 h5 46.
Rxd6 Kxd6 47. Bxe4 Kc5 48. Kd3 Bf7 49. Bf3 Bg6+ 50. Kd2 Kb4 51. Bc6 Kc4 1/2-1/2

[Event "Pribina - TPK Cup   Mistrovství ÈR junio"]
[Site "Havlíèkùv Brod - hotel Slunce"]
[Date "2012.12.01"]
[Round "9.34"]
[White "Steinhauser, Václav"]
[Black "Kaser, Jiøí"]
[Result "1-0"]
[WhiteElo "1534"]
[BlackElo "1758"]
[PlyCount "117"]
[EventDate "2012.11.25"]

1. d4 d5 2. Nf3 Nf6 3. Bg5 e6 4. e3 Be7 5. Bd3 O-O 6. Nbd2 b6 7. c3 c5 8. Qb1
h6 9. h4 Nh5 10. Bxe7 Qxe7 11. g4 Nf6 12. g5 Ng4 13. gxh6 Nxh6 14. Ne5 Nd7 15.
Ndf3 c4 16. Bc2 Nxe5 17. Nxe5 Qe8 18. Rg1 f5 19. Kd2 Qh5 20. Rg2 Ng4 21. Qg1
Nxe5 22. Rxg7+ Kh8 23. dxe5 Ba6 24. Qg5 Qxg5 25. Rxg5 Rf7 26. Rag1 Rh7 27. h5
Bb5 28. Bd1 Rf8 29. Rg6 Bd7 30. h6 a6 31. f4 b5 32. Rg7 Be8 33. Bh5 Rxh6 34.
Bf7 Rh2+ 35. Kc1 Bd7 36. Bg8 Bc8 37. R7g6 Re8 38. Bf7 Rf8 39. Bxe6 Bxe6 40.
Rxe6 Rg8 41. Rxg8+ Kxg8 42. a3 Rh1+ 43. Kc2 Rh2+ 44. Kb1 Rh1+ 45. Ka2 Re1 46.
Rxa6 Rxe3 47. Rf6 Re4 48. Rxf5 Kg7 49. e6 Rxe6 50. Rxd5 Rb6 51. b3 Rg6 52. bxc4
bxc4 53. a4 Rc6 54. Ka3 Rb6 55. Rb5 Rf6 56. a5 Rxf4 57. a6 Rf1 58. Kb4 Ra1 59.
Ra5 1-0